| 000 | 00695nam a22002177a 4500 | ||
|---|---|---|---|
| 005 | 20150619111555.0 | ||
| 010 | _aENG-112881 | ||
| 020 |
_c150.00 _a9788172764272 |
||
| 035 | _aEN-96413 | ||
| 037 | _bDBAD/PUB | ||
| 082 | _a954 | ||
| 100 | _aLakshmikantham, V. | ||
| 245 |
_aThis is our history / _cby V. Lakshmikantham, J. Vasundhara Devi [and] S.Leela |
||
| 260 |
_aMumbai _bBharatiya Vidaya Bhawan _c2009 |
||
| 270 |
_a34, Cowasji Patel Street, 17, Lakhani Terrace, Fort, _bMumbai _e400001 |
||
| 300 |
_axxi,154p. _c22cm(pbk) |
||
| 500 | _aIncludes bibliographical references | ||
| 700 | _aVasundhara Devi, J. | ||
| 700 | _aLeela, S. | ||
| 942 |
_2ddc _cEN _mLAK _h954 |
||
| 999 |
_c93375 _d93375 |
||